000 00785nam a2200217Ii 4500
003 JO-AjNU
008 230605s9999||||xx |||||||||||||| ||und||
017 _a2015/4/1475
040 _aJO-AjNU
_bara
_erda
_cJO-AjNU
041 _aara
050 1 4 _aBP170 2016
100 3 _aالهاشمي، إياد علي,
_eauthor
_960190
245 0 0 _aالبعد الديني في الاستشراق العربي
250 _aط1
264 3 1 _aعمان: دار الفكر ناشرون وموزعون، 2016
300 _a464ص
_bيحتوي على المصادر والمراجع من ص425ص-464ص
336 _atext
_btxt
_2rdacontent
337 _aunmediated
_bn
_2rdamedia
338 _avolume
_bnc
_2rdacarrier
650 4 _aالاستشراق والمستشرقون- الإسلام
_960191
999 _aA27128
_c30696
_d30696